Comarcas de Extremadura - Click Map - Estadísticas

Estadísticas generales
  • Esta prueba ha sido intentada 189 veces
  • La puntuación promedio es 13 de 24
Respuestas en el mapa
Las respuestas están codificadas por una escala verde-roja en el mapa de la prueba según el % correcto abajo.
 
Estadísticas de respuestas
Respuesta % Correcto
Badajoz
81%
Cáceres
80%
Mérida
76%
Olivenza
66%
Trujillo
63%
Don Benito
62%
Las Hurdes
62%
La Siberia
60%
Tierra de Barros
58%
Albuquerque
56%
La Vera
54%
Alcántara
53%
Jerte
53%
Valencia de Alcántara
52%
La Serena
51%
Jerez de los Caballeros
50%
Sierra de Gata
47%
Los Ibores
42%
Campiña Sur
40%
Las Villuercas
40%
Alagón
37%
Tentudia
36%
Ambroz
31%
Campo Arañuelo
31%
No se encontraron pruebas coincidentes
Distribución de puntuación
Porcentaje de gente con cada puntuación
Porcentaje por número respondido
Historial de tus puntuaciones
No has intentado esta prueba.